« Retourner aux résultats de recherche
Sur écoute
| Auteur principal: | David Simon |
|---|---|
| D'autres auteurs: | Ed Burns |
| D'autres auteurs: | George P. Pelecanos Ed Bianchi Elodie Keene Dominic West Chris Bauer John Doman Paul Ben-Victor Idris Elba |
| Support: | DVD |
| Langue: | |
| Genre: |
Film |
| Sujets: | |
| Étiquettes: |
Ajouter
Pas de Tags !
|
| LEADER | 01772ngm0a2200421 450 | ||
|---|---|---|---|
| 001 | 16846807 | ||
| 010 | |d 59,75 | ||
| 100 | |a 20050627d2004 u u0frey01 ba | ||
| 200 | 0 | |a Sur écoute |f David Simon, créateur de la série |g Ed Bianchi, Elodie Keene, Steve Shill... [et al.], réal. - David Simon, Ed Burns, histoire originale et adapt. - David Simon, Joy Lesco, Rafael Alvarez, George P. Pelecanos, scénario. - Dominic West, Chris Bauer, Paul Ben-Victor ...[et al.], act | |
| 207 | 1 | |a | |
| 215 | |a 5 DVD vidéo monoface zone 2 (703 min) |c 4/3, coul. (PAL), son. (Dolby digital 5.1) |e feuillet | ||
| 300 | |a ACCORD PARENTAL | ||
| 327 | |a Vents et marées,Dommage collatéral,Dose mortelle,Sacrées affaires,Envers et contre tous,Tours de passe passe,Retour aux sources,On fait le mort,La Balle perdue,Etat d'alerte,Mauvais rêves,Un port dans la tourmente | ||
| 464 | |a Vents et marées | ||
| 464 | |a Dommage collatéral | ||
| 464 | |a Dose mortelle | ||
| 464 | |a Sacrées affaires | ||
| 464 | |a Envers et contre tous | ||
| 464 | |a Tours de passe passe | ||
| 464 | |a Retour aux sources | ||
| 464 | |a On fait le mort | ||
| 464 | |a La Balle perdue | ||
| 464 | |a Etat d'alerte | ||
| 464 | |a Mauvais rêves | ||
| 464 | |a Un port dans la tourmente | ||
| 700 | 0 | |a Simon |b David |4 70 | |
| 701 | 0 | |a Burns |b Ed |4 690 | |
| 702 | 0 | |a Pelecanos |b George P. |f 1957-.... |4 690 | |
| 702 | 0 | |a Bianchi |b Ed |4 370 | |
| 702 | 0 | |a Keene |b Elodie |4 370 | |
| 702 | 0 | |a West |b Dominic |4 590 | |
| 702 | 0 | |a Bauer |b Chris |4 590 | |
| 702 | 0 | |a Doman |b John |4 590 | |
| 702 | 0 | |a Ben-Victor |b Paul |4 590 | |
| 702 | 0 | |a Elba |b Idris |4 590 | |
| 900 | |a Film | ||
| 901 | |a Accessible au prêt | ||
| 995 | |a Bibliothèque |c Bibliothèque |f 00156006129597 |h 00156006129597 |k S SUR 2 |o p |q a |r gd |e Bibliothèque | ||
